Library information systems and e-journal archiving
Contents of material: 1/ Electronic journal archiving. 2/ Access and preservation of digital archives. 3/ Archiving and preserving E-Journals. 4/ Digital preservation systems. 5/ Digitised collections. 6/ Analysing metadata creation. 7/ Digital library technology. 8/ Web-based information system. 9...
Uloženo v:
| Médium: | Kniha |
|---|---|
| Jazyk: | Undetermined |
| Vydáno: |
Laxmi Nagar, Delhi
Authorspress
2005
|
| Témata: | |
| Tagy: |
Přidat tag
Žádné tagy, Buďte první, kdo otaguje tento záznam!
|
| Thư viện lưu trữ: | Trung tâm Học liệu Trường Đại học Cần Thơ |
|---|
| LEADER | 00982nam a2200205Ia 4500 | ||
|---|---|---|---|
| 001 | CTU_124845 | ||
| 008 | 210402s9999 xx 000 0 und d | ||
| 020 | |c 35.00 | ||
| 082 | |a 025.00285 | ||
| 082 | |b L697 | ||
| 245 | 0 | |a Library information systems and e-journal archiving | |
| 245 | 0 | |c Edited by Khalid Kamal Faruqi, Mehtab Alam | |
| 260 | |a Laxmi Nagar, Delhi | ||
| 260 | |b Authorspress | ||
| 260 | |c 2005 | ||
| 520 | |a Contents of material: 1/ Electronic journal archiving. 2/ Access and preservation of digital archives. 3/ Archiving and preserving E-Journals. 4/ Digital preservation systems. 5/ Digitised collections. 6/ Analysing metadata creation. 7/ Digital library technology. 8/ Web-based information system. 9/ Digital books and images | ||
| 650 | |a Library information networks.,Libraries,Electronic journals,Libraries and electronic publishing | ||
| 650 | |x Automation.,Publishing. | ||
| 904 | |i Minh | ||
| 980 | |a Trung tâm Học liệu Trường Đại học Cần Thơ | ||